| 000 | 00347 a2200121 4500 | ||
|---|---|---|---|
| 020 | _a9788126518500 | ||
| 082 | _a519.4 ATK | ||
| 100 | _aAtkinson, Kendall E. | ||
| 245 |
_aAn Introduction to Numerical Analysis _cKendall E. Atkinson |
||
| 250 | _a2nd ed. | ||
| 260 |
_aUK : _bJohn Wiley and Sons, _c2004 |
||
| 300 |
_axvi, 693p. : _bill . ; _c23 cm |
||
| 650 | _aNumerical Analysis | ||
| 999 |
_c598 _d598 |
||